TEXT BOOK OF HUMAN NEUROANATOMY (Record no. 2889)
[ view plain ]
| 000 -LEADER | |
|---|---|
| fixed length control field | 00357nam a2200145Ia 4500 |
| 008 - FIXED-LENGTH DATA ELEMENTS--GENERAL INFORMATION | |
| fixed length control field | 150201s2002 xx 000 0 und d |
| 082 ## - DEWEY DECIMAL CLASSIFICATION NUMBER | |
| Classification number | 611 |
| Item number | H2002S |
| 100 ## - MAIN ENTRY--PERSONAL NAME | |
| Personal name | SINGH,INDERBIR |
| 245 ## - TITLE STATEMENT | |
| Title | TEXT BOOK OF HUMAN NEUROANATOMY |
| 250 ## - EDITION STATEMENT | |
| Edition statement | 6TH |
| 260 ## - PUBLICATION, DISTRIBUTION, ETC. (IMPRINT) | |
| Name of publisher, distributor, etc. | JAYPEE MEDICAL PUBLISHER |
| Place of publication, distribution, etc. | DELHI |
| Date of publication, distribution, etc. | 2002 |
| 300 ## - PHYSICAL DESCRIPTION | |
| Extent | 1-306 |
| 650 ## - SUBJECT ADDED ENTRY--TOPICAL TERM | |
| Topical term or geographic name as entry element | ANATOMY |
| 942 ## - ADDED ENTRY ELEMENTS (KOHA) | |
| Source of classification or shelving scheme | Dewey Decimal Classification |
| Koha item type | Books |
| Withdrawn status | Lost status | Source of classification or shelving scheme | Damaged status | Not for loan | Home library | Current library | Date acquired | Source of acquisition | Cost, normal purchase price | Serial Enumeration / chronology | SGTU | Bill Number | Total Checkouts | Full call number | Barcode | Date last seen | Bill Date | Koha item type | Date last checked out |
|---|---|---|---|---|---|---|---|---|---|---|---|---|---|---|---|---|---|---|---|
| Dewey Decimal Classification | SGT Dental Library | SGT Dental Library | 08/09/2003 | JAIN BOOK DEPOT | 250.00 | 1 | SGTU | REPLACED FOR ACC.NO-540 | 611 H2002S | FD1662 | 09/02/2015 | 03/03/2012 | Books | ||||||
| Dewey Decimal Classification | SGT Dental Library | SGT Dental Library | 19/03/2004 | JAIN BOOK DEPOT | 250.00 | 1 | SGTU | 877 | 1 | 611 H2000S | FD1691 | 25/02/2019 | 05/03/2012 | Books | 11/02/2019 | ||||
| Dewey Decimal Classification | SGT Dental Library | SGT Dental Library | 19/03/2004 | JAIN BOOK DEPOT | 250.00 | 1 | SGTU | 877 | 2 | 611 H2000S | FD1692 | 23/06/2025 | 05/03/2012 | Books | 05/06/2025 | ||||
| Dewey Decimal Classification | SGT Dental Library | SGT Dental Library | 19/03/2004 | JAIN BOOK DEPOT | 250.00 | 1 | SGTU | 877 | 2 | 611 H2000S | FD1693 | 25/02/2019 | 05/03/2012 | Books | 11/02/2019 | ||||
| Dewey Decimal Classification | SGT Dental Library | SGT Dental Library | 19/03/2004 | JAIN BOOK DEPOT | 250.00 | 1 | SGTU | 877 | 2 | 611 H2000S | FD1694 | 09/10/2025 | 05/03/2012 | Books | 09/10/2025 | ||||
| Dewey Decimal Classification | SGT Dental Library | SGT Dental Library | 19/03/2004 | JAIN BOOK DEPOT | 250.00 | 1 | SGTU | 877 | 611 H2000S | FD1695 | 09/02/2015 | 05/03/2012 | Books |